书目信息 |
| 题名: |
健身营养问答
|
|
| 作者: | 孙键 编著 | |
| 分册: | ||
| 出版信息: | 北京 中国医药科技出版社 2020.12 |
|
| 页数: | 147页 | |
| 开本: | 24cm | |
| 丛书名: | ||
| 单 册: | ||
| 中图分类: | G804.32 | |
| 科图分类: | ||
| 主题词: | 体育卫生--ti yu wei sheng--营养学--基本知识 | |
| 电子资源: | ||
| ISBN: | 978-7-5214-2024-1 | |
| 000 | 01125nam0 2200301 450 | |
| 001 | CAL 0120213141419 | |
| 005 | 20230217093113.0 | |
| 010 | @a978-7-5214-2024-1@dCNY49.00 | |
| 092 | @aCN@bRt961-1753 | |
| 100 | @a20210324d2020 em y0chiy0120 ea | |
| 101 | 0 | @achi |
| 102 | @aCN@b110000 | |
| 105 | @ay z 000yy | |
| 106 | @ar | |
| 200 | 1 | @a健身营养问答@Ajian shen ying yang wen da@f孙键编著 |
| 210 | @a北京@c中国医药科技出版社@d2020.12 | |
| 215 | @a147页@d24cm | |
| 312 | @a英文题名取自封面 | |
| 314 | @a孙键, 中国科学院研究生院博士, 国际注册营养师。 | |
| 330 | @a本书将以问答的形式, 讨论食物、运动补剂与运动之间如何巧妙的配合, 实现减脂和改善运动表现, 最终获得理想身材的目的, 感受运动营养带来的非凡效果。总体来说, 全书能够根据人体代谢原理, 结合运动的特点, 指导读者更好的摄取食物, 从而达到健康、快速减脂的目的。 | |
| 510 | 1 | @aQ & A on fitness and nutrition@zeng |
| 606 | 0 | @a体育卫生@Ati yu wei sheng@x营养学@x基本知识 |
| 690 | @aG804.32@v5 | |
| 701 | 0 | @a孙键@Asun jian@4编著 |
| 801 | 0 | @aCN@bBJXHZP@c20230222 |
| 901 | @a中国医药科技出版社 | |
| 905 | @b1394663-6@dG804.32@e2088@f4 | |
| 997 | @a期货 | |
| 健身营养问答/孙键编著.-北京:中国医药科技出版社,2020.12 |
| 147页;24cm |
| ISBN 978-7-5214-2024-1:CNY49.00 |
| 本书将以问答的形式, 讨论食物、运动补剂与运动之间如何巧妙的配合, 实现减脂和改善运动表现, 最终获得理想身材的目的, 感受运动营养带来的非凡效果。总体来说, 全书能够根据人体代谢原理, 结合运动的特点, 指导读者更好的摄取食物, 从而达到健康、快速减脂的目的。 |
| ● |
| 相关链接 |
|
|
|
|
正题名:健身营养问答
索取号:G804.32/2088
 
预约/预借
| 序号 | 登录号 | 条形码 | 馆藏地/架位号 | 状态 | 备注 |
| 1 | 1394663 | 213946630 | 第一样本阅览室/ [索取号:G804.32/2088] | 在馆 | |
| 2 | 1394664 | 213946649 | 第四借阅区/ [索取号:G804.32/2088] | 在馆 | |
| 3 | 1394665 | 213946658 | 第四借阅区/ [索取号:G804.32/2088] | 在馆 | |
| 4 | 1394666 | 213946667 | 第四借阅区/ [索取号:G804.32/2088] | 在馆 |